Une lettre suffit pour répondre juste #21 (attention 10 lettres tuent) - Statistiques

Statistiques générales
  • Ce quiz a été pris 75 fois
  • Le résultat moyen est 3 sur 6
Statistiques - réponses
Hint Réponse % Correct
Donne une des 5 lettres qui désigne une expression employée dans divers jeux pour signifier qu'on accepte de relever un défi ou de faire une mise. C'est aussi un jeu de grattage de la Française des jeux (de 1 Euro à gratter illiko) BANCO
100%
Donne une des 4 lettres du métier en version raccourcie de Julia Roberts dans le film Pretty Woman de 1990
PUTE
75%
Donne une des 3 lettres du nom de ce rappeur français
MHD
44%
Donne une des 2 lettres du nom de famille de l'acteur qui a joué dans : Intouchables Chocolat Samba Jurassic World Tirailleurs SY
44%
Donne la lettre qui complète le nom en abrégé des séries télévisées semblables aux mini-séries occidentales et produites en langue coréenne pour le public coréen : ?-Drama K
36%
Donne la lettre qui est le nom du film d’horreur américain réalisé par Ti West en 2022 ici en extrait
X
17%
Aucun quiz correspondant
Distribution des résultats
% des personnes avec chaque résultat
Percentile par nombre de réponses
Votre historique - résultats
Vous n’avez pas pris ce quiz